| 000 | 00837cab a2200265 4500 | ||
|---|---|---|---|
| 001 | WB3014-59 | ||
| 008 | 090401t1994 xxu||||| |||| 00| 0 eng d | ||
| 035 | _a(Sirsi) u24279 | ||
| 041 | _aeng | ||
| 245 | _aFrench standards | ||
| 260 | _c1994 | ||
| 350 | _a0 | ||
| 490 |
_aConstruction Sponsorship Directorate News Release _v(245) 31 March 1994 (2) |
||
| 520 | _aAdvice on meeting French technical and safety standards for UK building materials and construction products is provided in a booklet published by the DoE. | ||
| 650 | _aBUILT ENVIRONMENT-BUILDING MATERIALS | ||
| 650 | _aBUILDING STANDARDS | ||
| 650 | _aCE MARK | ||
| 650 | _aCERTIFICATION | ||
| 650 | _aEXPORTING | ||
| 650 | _aFRANCE | ||
| 690 | _aBUILDING AND CONSTRUCTION-REGULATIONS | ||
| 690 | _aOVERSEAS-EUROPE | ||
| 942 | _n0 | ||
| 948 | _c04/03/1997 | ||
| 999 |
_c16273 _d16273 |
||